Very Difficult Flags #4 - Statistics

General Stats
  • This quiz has been taken 151 times
  • The average score is 6 of 16
Answer Stats
Picture Answer % Correct
Kyrgyzstan
94%
Dominica
92%
Kurdistan
68%
St Pierre and Miquelon
53%
Georgia
51%
Louisiana
51%
Easter Island
50%
Mayotte
50%
Azores
47%
Yukon
26%
Hawaii (OLD)
14%
Chatham Islands
11%
Edinburgh
10%
Green Mountain Boys
10%
Sarajevo
9%
Lydia
7%
No matching quizzes found
Score Distribution
Percent of People with Each Score
Percentile by Number Answered
Your Score History
You have not taken this quiz